000 00671nam a22002297a 4500
003 OSt
005 20140310181742.0
008 130323t xxu||||| |||| 00| 0 eng d
020 _a0879669500
050 _aLB 1575.37
_b.B715 1981
082 _bTR 372.6s
_2B64wg 1981
100 _aBoning, Richard A.
_9392
245 _aUnderstanding word groups. A/
_cRichard A. Boning
260 _aNew York :
_bBarnell Loft Ltd,
_cc1981.
300 _a20 p. :
_c18 cm.
521 _aFaculty
541 _j1
562 _e1
650 _aReading
_xProgrammed instruction.
_9666
650 _aReading
_xStudy and teaching (Elementary).
_9667
942 _2lcc
_cBK-TR
_kTR
999 _c2803
_d2803